000 01222nam a2200277 4500
005 20240530110617.0
008 160625s2013 ua ||||g |b|| 00| 0 ara d
017 _a2013/14719
_bمصر. دار الكتب المصرية
020 _a9789773223120
040 _aEG-CaGPL
041 1 _aara
_heng
082 0 4 _a953/
_bك ف
_221
100 1 _aكيندى ، هيو
240 1 4 _aThe great Arab conquests : how the spread of Islam changed the world we live in ?
_lArabic.
245 1 2 _aالفتوح الاسلامية :
_bكيف غير انتشار الاسلام العالم الذى نعيش فيه /
_cهيو كينيدى ؛ ترجمة وتقديم وتعليق قاسم عبده قاسم.
250 _aط .1.
260 _aالجيزة، مصر :
_bعين للدارسات والبحوث الانسانية والاجتماعية،
_c2013.
300 _a442 ص. ؛
_c24 سم.
504 _aببليوجرافية : ص. 403-442.
546 _aالكتاب مترجم بالعربية.
650 0 4 _aالفتوحات الاسلامية
650 0 4 _aالتاريخ الاسلامى
700 0 _aقاسم عبده قاسم
_eمترجم.
942 _2ddc
_cBK
999 _c62984
_d62984